000 02210nam0a2200361 4500
001 RU\NLR\bibl\1655085
005 20260405203735.0
010 _a978-5-7924-0813-5
_9150
021 _aRU
_b2010-44209
_92967
035 _a(nilc)RSL-KNO-004658052
035 _a(NLR Aleph) 001646392
090 _a894128
_c894128
100 _a20100616d2010 |||y0rusy50 ca
101 0 _arus
102 _aRU
105 _ay |||||||||
200 1 _aМеры по обеспечению исполнения решений в арбитражном процессе
_dProviding measures of judgement execution in arbitration process
_fР.В. Фомичева
_gпод ред. д.ю.н., проф. Т.А. Григорьевой
_gМ-во образования и науки Рос. Федерации, Федер. агентство по образованию, Гос. образоват. учреждение высш. проф. образования "Сарат. гос. акад. права"
_zeng
210 _aСаратов
_cИзд-во ГОУ ВПО "Саратовская государственная академия права"
_d2010
215 _a126, [1] с.
_d20
320 _aБиблиогр.: с. 108-127 и в подстроч. прим.
510 0 _6z77790
_aProviding measures of judgement execution in arbitration process
_zeng
606 1 _aАрбитражный процесс
_xОбеспечительные меры
_xПрименение
_yРоссийская Федерация
_92399502
_3RU\NLR\auth\661430412
610 0 _aГосударство и право. Юридические науки -- Гражданский процесс -- Российская Федерация -- Арбитраж -- Пособие для специалистов
686 _aХ629.221,07
_2rubbk
686 _aХ629.221-9
700 1 _4070
_8rus
_7ca
_aФомичева
_bР. В.
_gРегина Владимировна
_3RU\NLR\auth\7791076
_974003
790 1 _4070
_8rus
_7ba
_aFomičeva
_bR. V.
_gRegina Vladimirovna
_3RU\NLR\auth\7791077
_974004
801 0 _aRU
_bРГБ
_c20100616
_grcr
801 1 _aRU
_bРГБ
_c20100616
801 2 _aRU
_bNLR
_c20100714
_grcr
942 _cBOOK
980 _aNB
980 _aNBR